Κατάλογος Βιβλιοθηκών Mediterranean College

Advanced Decision Making (Record no. 4554)

MARC details
000 -LEADER
fixed length control field 01064cam a22002054a 4500
005 - ΗΜΕΡΟΜΗΝΙΑ ΚΑΙ ΩΡΑ ΤΕΛΕΥΤΑΙΑΣ ΕΝΗΜΕΡΩΣΗΣ
Πεδίο ελέγχου 20250605164149.0
008 - FIXED-LENGTH DATA ELEMENTS--GENERAL INFORMATION
Πεδίο ελέγχου σταθερού μήκους 250528s ||||||||||||||||||||||||d
035 ## - SYSTEM CONTROL NUMBER
System control number 19291
020 ## - ISBN
ISBN 744627850
040 ## - ΠΗΓΗ ΚΑΤΑΛΟΓΟΓΡΑΦΗΣΗΣ
Φορέας πρωτότυπης καταλογογράφησης MC Athens Campus Library
Γλώσσα καταλογογράφησης Ελληνικά, Μοντέρνα (1453-)
Modifying agency MC Athens Campus Library
Κανόνες περιγραφικής καταλογογράφησης AACR2
245 1# - ΤΙΤΛΟΣ ΚΑΙ ΔΗΛΩΣΗ ΥΠΕΥΘΥΝΟΤΗΤΑΣ
Τίτλος Advanced Decision Making
260 ## - PUBLICATION, DISTRIBUTION, ETC.
Name of publisher, distributor, etc. Financial Times Management,
Date of publication, distribution, etc. 1999
300 ## - PHYSICAL DESCRIPTION
Extent 152
505 0# - FORMATTED CONTENTS NOTE
Formatted contents note Introduction, The Nature of Managerial Decision Making, Models of Decision Making, Using the Rational Model for Systematic Decision Making, Decision-Making Aids, The Psychology of Decision Making, Group Decision Making, Organisational Decision Making, Further Reading and References, References.
520 ## - SUMMARY, ETC.
Summary, etc. Introduction, The Nature of Managerial Decision Making, Models of Decision Making, Using the Rational Model for Systematic Decision Making, Decision-Making Aids, The Psychology of Decision Making, Group Decision Making, Organisational Decision Making, Further Reading and References, References.
700 1# - ΠΡΟΣΘΕΤΗ ΑΝΑΓΡΑΦΗ--ΦΥΣΙΚΟ ΠΡΟΣΩΠΟ
Personal name Band John
9 (RLIN) 5525
942 ## - ADDED ENTRY ELEMENTS (KOHA)
Koha item type Books
Holdings
Τύπος τεκμηρίου Βιβλιοθήκη Τρέχουσα τοποθεσία Barcode Αριθμός εισαγωγής Ημερομηνία απόκτησης Ταξιθετικό σύμβολο Αριθμός αντιτύπου Κατάσταση απόσυρσης Κατάσταση χαμένου Κατάσταση κατεστραμμένου Μη δανεισμός Σύνολο δανεισμών Ημερομηνία τελευταίας εμφάνισης Η τιμή ισχύει από
Books MC Athens Campus Library MC Athens Campus Library 9780000045539 5298 05/06/2025 658.403 BAN 1           05/06/2025 05/06/2025

MC Athens Campus Library
Πατησίων 94 & Κοδριγκτώνος 13, 104 34
Πελλήνης 8 & Πατησίων 107, 112 51
Τ: +30 210 8899600

MC Thessaloniki Campus Library
Ίωνος Δραγούμη 21, 54625 | Ίωνος Δραγούμη 15, 54625
Τ: +30 2310 287779 – Τ: +30 2314 440300